[Event "Michigan Amateur"]
[Site "?"]
[Date "1991.05.25"]
[Round "3.8"]
[White "Aldrich, Jeff"]
[Black "Haakonstad, Olaf"]
[Result "1-0"]
[WhiteElo "1725"]
[BlackElo "1871"]
[PlyCount "123"]
[EventDate "1991.05.25"]

1. d4 Nf6 2. c4 e6 3. Nc3 Bb4 4. Qc2 O-O 5. Nf3 c5 6. e3 b6 7. Bd2 Bb7 8. Bd3
cxd4 9. exd4 d5 10. cxd5 exd5 11. O-O Ba6 12. Ne5 Bxd3 13. Qxd3 Nbd7 14. Nc6
Nc5 15. dxc5 Qc7 16. Nxb4 bxc5 17. Nbxd5 Nxd5 18. Nxd5 Qd6 19. Rfe1 Kh8 20. Nf4
Qxd3 21. Nxd3 Rfd8 22. Re3 c4 23. Ba5 Rd5 24. Rae1 h6 25. Bc3 cxd3 26. Re8+
Rxe8 27. Rxe8+ Kh7 28. Re1 Kg6 29. f3 f5 30. Kf2 f4 31. g3 fxg3+ 32. hxg3 Kf7
33. Ke3 h5 34. Rd1 Rg5 35. Be1 Re5+ 36. Kxd3 g5 37. f4 gxf4 38. gxf4 Rd5+ 39.
Ke2 Rb5 40. Bc3 Ke6 41. Kf3 Rb7 42. Rh1 Rh7 43. Ke4 h4 44. f5+ Kf7 45. Kf4 h3
46. Kg3 Rh5 47. f6 a5 48. Rxh3 Rf5 49. Rh7+ Ke6 50. Kg4 Rf2 51. Ra7 Rg2+ 52.
Kf3 Rg5 53. Rxa5 Rxa5 54. Bxa5 Kxf6 55. b4 Ke6 56. b5 Kd5 57. b6 Kc6 58. Ke4
Kb7 59. Kd5 Kb8 60. Kc6 Ka8 61. b7+ Ka7 62. Kc7 1-0

[Event "Michigan Amateur"]
[Site "?"]
[Date "1991.05.26"]
[Round "4.3"]
[White "Burg, Dan"]
[Black "Aldrich, Jeff"]
[Result "1/2-1/2"]
[WhiteElo "1917"]
[BlackElo "1725"]
[PlyCount "87"]
[EventDate "1991.05.25"]

1. e4 c6 2. Nf3 d5 3. Nc3 dxe4 4. Nxe4 Nd7 5. Bc4 e6 6. d4 Ngf6 7. Ng3 Bd6 8.
Qe2 b5 9. Bb3 Bb7 10. Nf5 Bb4+ 11. c3 O-O 12. Nxg7 Bxc3+ 13. bxc3 Kxg7 14. Qe3
Kh8 15. Bc2 Ng4 16. Qf4 f5 17. h3 Ngf6 18. Qh6 Ng8 19. Qf4 Ndf6 20. Ne5 Nd7 21.
Ba3 Nxe5 22. Qxe5+ Rf6 23. Bb3 Qd7 24. g4 fxg4 25. hxg4 Qg7 26. Bc2 Rh6 27.
O-O-O Rd8 28. Qxg7+ Kxg7 29. Rxh6 Nxh6 30. Rh1 c5 31. Rh2 b4 32. cxb4 cxd4 33.
Bb2 Bf3 34. g5 Nf5 35. Bxf5 exf5 36. Rh4 Be4 37. f3 Rc8+ 38. Kd2 Rc2+ 39. Kd1
Rxb2 40. fxe4 fxe4 41. Rxe4 Rxb4 42. Re7+ Kg6 43. Rxa7 Kxg5 44. Rxh7 1/2-1/2

[Event "Michigan Amateur"]
[Site "?"]
[Date "1991.05.26"]
[Round "5.3"]
[White "Aldrich, Jeff"]
[Black "Emke, Robert"]
[Result "0-1"]
[WhiteElo "1725"]
[BlackElo "1934"]
[PlyCount "78"]
[EventDate "1991.05.25"]

1. d4 e6 2. c4 f5 3. Nc3 Nf6 4. Nf3 Be7 5. e3 O-O 6. Be2 d5 7. Ne5 Ne4 8. f3
Nxc3 9. bxc3 Nd7 10. f4 Nf6 11. O-O Ne4 12. Qb3 Rf6 13. cxd5 exd5 14. c4 c6 15.
Bd3 Rh6 16. cxd5 cxd5 17. a4 Rb8 18. Bxe4 fxe4 19. Nc6 Rxc6 20. Ba3 Bxa3 21.
Qxa3 Be6 22. f5 Bf7 23. Rf4 Rbc8 24. Raf1 Qa5 25. Qe7 Qc7 26. Qg5 Rc1 27. f6
Rxf1+ 28. Rxf1 g6 29. Qh6 Be6 30. Kf2 Rf8 31. Kg1 Rf7 32. h4 Qg3 33. h5 Bh3 34.
Rf2 Rxf6 35. Rc2 Rc6 36. hxg6 Rxg6 37. Qh5 Qxe3+ 38. Kh2 Qg3+ 39. Kh1 Bxg2+ 0-1

[Event "Morning Quads (June)"]
[Site "Farmington Hills, Mich."]
[Date "1991.06.08"]
[Round "2"]
[White "Yaure, Chris"]
[Black "Moody, David"]
[Result "1-0"]
[WhiteElo "1971"]
[BlackElo "2044"]
[PlyCount "37"]
[EventDate "1991.06.08"]

1. Nf3 d5 2. g3 c5 3. Bg2 Nf6 4. O-O e6 5. d3 Nc6 6. c3 b6 7. Nbd2 Bb7 8. e4
Qc7 9. Qe2 O-O-O 10. a3 dxe4 11. Nxe4 Nxe4 12. dxe4 Bd6 13. b4 Ne5 14. Bb2 c4
15. Bc1 Nd3 16. a4 f5 17. exf5 exf5 18. Qe6+ Qd7 19. Qxc4+ 1-0

[Event "Afternoon Swiss (June)"]
[Site "Farmington Hills, Mich."]
[Date "1991.06.08"]
[Round "3"]
[White "Moody, David"]
[Black "Kriseler, Mark"]
[Result "0-1"]
[WhiteElo "2044"]
[BlackElo "2022"]
[PlyCount "72"]
[EventDate "1991.06.08"]

1. e4 e6 2. d4 b6 3. Bd3 Bb7 4. c4 f5 5. exf5 Bb4+ 6. Kf1 Nf6 7. fxe6 dxe6 8.
Bg5 Nc6 9. Bxf6 Qxf6 10. Nf3 O-O 11. Nc3 Nxd4 12. Bxh7+ Kxh7 13. Qxd4 Bxf3 14.
Qxf6 Rxf6 15. gxf3 Bxc3 16. bxc3 Rxf3 17. Rc1 Rd8 18. Kg2 Rdd3 19. Rhe1 Rxc3
20. Rcd1 Rf6 21. Re4 Rcf3 22. Rh4+ Kg6 23. Rg4+ Kh5 24. Rxg7 Rxf2+ 25. Kg1 Rxa2
26. Rd3 Rg6+ 27. Rxg6 Kxg6 28. Rd7 c5 29. Rd6 Kf5 30. h4 Rc2 31. Rd7 Rxc4 32.
Rxa7 Rxh4 33. Rb7 Rb4 34. Kf2 Ke4 35. Ke2 b5 36. Re7 e5 0-1

[Event "Morning Quads (June)"]
[Site "Farmington Hills, Mich."]
[Date "1991.06.08"]
[Round "1"]
[White "Moody, David"]
[Black "Almquist, Walter"]
[Result "1-0"]
[WhiteElo "2044"]
[BlackElo "1871"]
[PlyCount "69"]
[EventDate "1991.06.08"]

1. e4 c5 2. d4 cxd4 3. c3 dxc3 4. Nxc3 e6 5. Nf3 Bc5 6. Bc4 Ne7 7. O-O O-O 8.
Bf4 a6 9. Qe2 Ng6 10. Bg3 Nc6 11. Rfd1 b5 12. Bb3 Qb6 13. Rac1 Nd4 14. Nxd4
Bxd4 15. Qd2 Be5 16. Bxe5 Nxe5 17. Qf4 d6 18. Ne2 Bb7 19. Rc3 Rac8 20. Rh3 Rc5
21. Qh4 h6 22. Qe7 Rd8 23. Nf4 Rc7 24. Qxd8+ Kh7 25. Qxd6 Qxd6 26. Rxd6 Nc4 27.
Bxc4 Rxc4 28. f3 b4 29. Rd7 Bc6 30. Rxf7 Rc1+ 31. Kf2 Rc2+ 32. Ke3 Rxb2 33.
Nxe6 Rxa2 34. Rxg7+ Kh8 35. Rxh6# 1-0

[Event "Morning Quads (June)"]
[Site "Farmington Hills, Mich."]
[Date "1991.06.08"]
[Round "3"]
[White "Kriseler, Mark"]
[Black "Moody, David"]
[Result "0-1"]
[WhiteElo "2022"]
[BlackElo "2044"]
[PlyCount "86"]
[EventDate "1991.06.08"]

1. e3 g6 2. b3 Bg7 3. Nc3 Nf6 4. Bb2 O-O 5. f4 d6 6. Nf3 Nd5 7. Bd3 Nxc3 8.
dxc3 Nd7 9. Qe2 e5 10. O-O-O exf4 11. exf4 Re8 12. Qf2 Nc5 13. h3 Ne4 14. Bxe4
Rxe4 15. Ng5 Re8 16. g4 Qf6 17. Rde1 Bd7 18. Ne4 Qd8 19. f5 Bc6 20. fxg6 Rxe4
21. gxh7+ Kh8 22. Rxe4 Bxe4 23. Re1 Bxh7 24. Qxf7 Qg5+ 25. Kb1 Qg6 26. Qxg6
Bxg6 27. Re7 Re8 28. Rxe8+ Bxe8 29. a4 Bf6 30. c4 Bxb2 31. Kxb2 Kg7 32. Kc3 Kg6
33. Kd4 Kg5 34. c5 dxc5+ 35. Kxc5 Kh4 36. a5 Kxh3 37. Kd5 Kxg4 38. Ke6 Kf4 39.
c4 Ke4 40. Ke7 Bh5 41. Kd7 c5 42. Kc7 Bd1 43. Kxb7 Bxb3 0-1

[Event "Afternoon Swiss (June)"]
[Site "Farmington Hills, Mich."]
[Date "1991.06.08"]
[Round "2"]
[White "Helle, Frank"]
[Black "Moody, David"]
[Result "1/2-1/2"]
[WhiteElo "2087"]
[BlackElo "2044"]
[PlyCount "49"]
[EventDate "1991.06.08"]

1. d4 Nf6 2. c4 c5 3. d5 e6 4. Nc3 exd5 5. cxd5 d6 6. e4 g6 7. f4 Bg7 8. Bb5+
Nfd7 9. a4 O-O 10. Nf3 Na6 11. O-O Nc7 12. Bd3 a6 13. Nd2 Re8 14. Nc4 Nf6 15.
h3 b5 16. axb5 axb5 17. Rxa8 Nxa8 18. Nxb5 Nxe4 19. Bxe4 Rxe4 20. Nbxd6 Rd4 21.
Qf3 Ba6 22. Re1 Nc7 23. b3 Bxc4 24. Nxc4 Rxd5 25. Ne5 1/2-1/2

[Event "Afternoon Swiss (June)"]
[Site "Farmington Hills, Mich."]
[Date "1991.06.08"]
[Round "1"]
[White "Gabbara, Faris"]
[Black "Moody, David"]
[Result "0-1"]
[WhiteElo "2157"]
[BlackElo "2044"]
[PlyCount "101"]
[EventDate "1991.06.08"]

1. c4 e5 2. Nc3 Nc6 3. g3 Nf6 4. Bg2 d6 5. e3 Be7 6. Nge2 O-O 7. O-O Be6 8. b3
Qd7 9. d4 Bh3 10. d5 Bxg2 11. Kxg2 Nb4 12. a3 Na6 13. b4 c6 14. e4 Nc7 15. Qd3
b5 16. dxc6 Qxc6 17. cxb5 Qb7 18. f3 Rfd8 19. Bb2 d5 20. exd5 Nfxd5 21. Qe4
Nxb5 22. Nxb5 Qxb5 23. Bxe5 f5 24. Nd4 Qxf1+ 25. Kxf1 fxe4 26. fxe4 Ne3+ 27.
Ke2 Nc4 28. Nc6 Nxe5 29. Nxe7+ Kf7 30. Nd5 Rac8 31. Rf1+ Ke8 32. Rf5 Rc2+ 33.
Kd1 Rxh2 34. Rxe5+ Kf8 35. Rf5+ Kg8 36. Ke1 Re8 37. e5 Ra2 38. Nc7 Rc8 39. e6
Rxc7 40. Kd1 Re7 41. Re5 Rxa3 42. g4 Rd3+ 43. Kc2 Rd6 44. Kb3 Rexe6 45. Rc5
Re3+ 46. Kc4 Red3 47. Rc8+ Kf7 48. Ra8 Ra3 49. Kc5 Rg6 50. b5 Rxg4 51. Kc6 0-1

[Event "Lansing June Mini-Swiss.3"]
[Site "Lansing, MI"]
[Date "1991.06.09"]
[Round "3"]
[White "Tanner, Steve"]
[Black "Aldrich, Jeff"]
[Result "0-1"]
[WhiteElo "1660"]
[BlackElo "1725"]
[PlyCount "68"]
[EventDate "1991.06.09"]

1. e4 c6 2. Nf3 d5 3. exd5 cxd5 4. Bb5+ Bd7 5. Bxd7+ Nxd7 6. O-O e6 7. d3 Ngf6
8. Be3 Bd6 9. Nbd2 O-O 10. c3 Re8 11. Re1 Qc7 12. Rc1 Nc5 13. Bxc5 Bxc5 14. Ne5
Bd6 15. f4 Nd7 16. d4 Nf8 17. Nf1 f6 18. Nd3 Bxf4 19. Nxf4 Qxf4 20. Qf3 Qxf3
21. gxf3 e5 22. Ng3 Ng6 23. Rcd1 Rad8 24. Nf5 Nf4 25. Kf2 g6 26. Ne3 e4 27. Ng4
Kg7 28. fxe4 dxe4 29. Rd2 Nd3+ 30. Rxd3 exd3 31. Rxe8 Rxe8 32. Ne3 b5 33. b3 d2
34. Nd1 Re1 0-1

[Event "Lansing June Mini-Swiss.3"]
[Site "Lansing, MI"]
[Date "1991.06.09"]
[Round "1"]
[White "Carrara, Walter"]
[Black "Aldrich, Jeff"]
[Result "0-1"]
[WhiteElo "1653"]
[BlackElo "1725"]
[PlyCount "118"]
[EventDate "1991.06.09"]

1. e4 c6 2. d4 d5 3. e5 Bf5 4. Bd3 Bxd3 5. Qxd3 e6 6. Nf3 Qa5+ 7. Bd2 Qa6 8.
Qxa6 Nxa6 9. a3 Ne7 10. O-O Nf5 11. Nc3 c5 12. Ne2 Rc8 13. Rac1 b5 14. Rfd1 b4
15. axb4 Nxb4 16. Bxb4 cxb4 17. c3 Kd7 18. Ra1 Rc7 19. Rdc1 Rb7 20. Ra2 Be7 21.
cxb4 Bxb4 22. Nc3 Rc8 23. Ne2 Rxc1+ 24. Nxc1 Rc7 25. Nd3 Kc8 26. g4 Nxd4 27.
Nxd4 Rc4 28. Nf3 Rxg4+ 29. Kf1 Kb7 30. Ra4 a5 31. h3 Re4 32. Ng5 Rd4 33. Nxb4
axb4 34. Nxf7 Kb6 35. Ra1 Rd2 36. Rb1 Kc5 37. Ke1 Rc2 38. f4 Kd4 39. Nd6 Rh2
40. Rd1+ Ke3 41. Kf1 Rh1+ 42. Kg2 Rxd1 43. f5 exf5 44. e6 Kd2 45. e7 Re1 46.
e8=Q Rxe8 47. Nxe8 Kc2 48. Nxg7 d4 49. Nxf5 d3 50. Kf2 Kxb2 51. Ne3 b3 52. Ke1
Kc1 53. Nc4 h6 54. Nd2 b2 55. Nb3+ Kc2 56. Nd2 h5 57. h4 Kc1 58. Nb3+ Kb1 59.
Nd2+ Kc2 0-1

[Event "Lansing June Mini-Swiss.3"]
[Site "Lansing, MI"]
[Date "1991.06.09"]
[Round "2"]
[White "Aldrich, Jeff"]
[Black "Miller, David"]
[Result "0-1"]
[WhiteElo "1725"]
[BlackElo "1619"]
[PlyCount "72"]
[EventDate "1991.06.09"]

1. d4 Nf6 2. c4 g6 3. Nc3 Bg7 4. e4 O-O 5. Nf3 d6 6. Bd3 Nbd7 7. O-O e5 8. dxe5
dxe5 9. Bg5 c6 10. b4 h6 11. Bh4 Re8 12. Qb3 a6 13. Rad1 Qc7 14. a4 Rb8 15. c5
b5 16. a5 Nf8 17. Bg3 Nh5 18. Bb1 Nxg3 19. fxg3 Be6 20. Qb2 Rbd8 21. Ba2 Rd7
22. Rxd7 Bxd7 23. Nh4 Be6 24. Qf2 Rd8 25. Rd1 Rd4 26. Nf3 Rxb4 27. Nd5 cxd5 28.
exd5 e4 29. Nh4 Rb2 30. d6 Qc6 31. Rd2 Rxd2 32. Qxd2 Qxc5+ 33. Kh1 Bxa2 34. d7
Nxd7 35. Nxg6 fxg6 36. Qxa2+ Qc4 0-1

[Event "Trenton Quads (June)"]
[Site "Trenton, Mich."]
[Date "1991.06.22"]
[Round "1"]
[White "Moody, David"]
[Black "Profit, Brian"]
[Result "0-1"]
[WhiteElo "2044"]
[BlackElo "1932"]
[PlyCount "70"]
[EventDate "1991.06.22"]

1. e4 e6 2. d4 d5 3. Nc3 Bb4 4. e5 c5 5. a3 Ba5 6. b4 cxd4 7. bxa5 dxc3 8. Qg4
Ne7 9. Qxg7 Rg8 10. Qxh7 Nbc6 11. Nf3 Qxa5 12. h4 Bd7 13. h5 O-O-O 14. Qd3 d4
15. Qb5 Qxb5 16. Bxb5 Rxg2 17. Bg5 Rg8 18. Bd3 Nxe5 19. Bxe7 Nxf3+ 20. Ke2 Ng1+
21. Raxg1 Rxg1 22. Rxg1 Rxg1 23. h6 Rh1 24. Bf8 f5 25. Kf3 Kd8 26. Kg2 Bc6+ 27.
f3 Ke8 28. Bg7 Rh5 29. Bc4 Kf7 30. Kf2 a6 31. f4 Rh2+ 32. Kf1 Bd5 33. Bxd5 exd5
34. Bxd4 Rxh6 35. Bxc3 Rh2 0-1

[Event "Trenton Quads (June)"]
[Site "Trenton, Mich."]
[Date "1991.06.22"]
[Round "2"]
[White "Moody, David"]
[Black "Drkulec, Vladimir"]
[Result "0-1"]
[WhiteElo "2044"]
[BlackElo "2030"]
[PlyCount "40"]
[EventDate "1991.06.22"]

1. e4 e5 2. Nf3 Nc6 3. d4 exd4 4. Bc4 Bc5 5. O-O d6 6. c3 dxc3 7. Nxc3 h6 8.
Qb3 Qd7 9. Bb5 Nge7 10. Re1 O-O 11. e5 d5 12. Bf4 Qg4 13. Nxd5 Be6 14. Nxe7+
Nxe7 15. Qa4 c6 16. Bd3 g5 17. Re4 gxf4 18. Rxf4 Qg7 19. Rf6 Nd5 20. Qh4 Be7
0-1

[Event "Trenton Quads (June)"]
[Site "Trenton, Mich."]
[Date "1991.06.22"]
[Round "3"]
[White "Lewis, Derrick"]
[Black "Moody, David"]
[Result "1/2-1/2"]
[WhiteElo "1941"]
[BlackElo "2044"]
[PlyCount "33"]
[EventDate "1991.06.22"]

1. e4 e5 2. Nf3 Nc6 3. d4 exd4 4. Bc4 Nf6 5. e5 d5 6. Bb5 Ne4 7. Nxd4 Bc5 8.
Be3 Bd7 9. Bxc6 bxc6 10. Nd2 O-O 11. Nxe4 dxe4 12. Nxc6 Bxc6 13. Bxc5 Re8 14.
Qxd8 Raxd8 15. Rd1 Rxd1+ 16. Kxd1 Rxe5 17. Be3 1/2-1/2

[Event "Action Invitational"]
[Site "?"]
[Date "1991.06.29"]
[Round "4"]
[White "Yaure, Chris"]
[Black "Aldrich, Jeff"]
[Result "1-0"]
[WhiteElo "1971"]
[BlackElo "1725"]
[PlyCount "43"]
[EventDate "1991.??.??"]

1. Nf3 d5 2. g3 Nf6 3. Bg2 c5 4. O-O Nc6 5. d3 Bg4 6. h3 Bh5 7. Bf4 e6 8. c4
Bd6 9. Bg5 dxc4 10. dxc4 Be7 11. Qc2 Bg6 12. Qb3 Nb4 13. Na3 Ne4 14. Rad1 Qa5
15. Bxe7 Kxe7 16. Ne5 Nd6 17. Rxd6 Kxd6 18. Rd1+ Kxe5 19. Qc3+ Kf5 20. Qf3+ Kg5
21. Qf4+ Kh5 22. Qh4# 1-0

[Event "Action Invitational"]
[Site "?"]
[Date "1991.06.29"]
[Round "3"]
[White "Skidmore, Jennifer"]
[Black "Aldrich, Jeff"]
[Result "0-1"]
[WhiteElo "1834"]
[BlackElo "1725"]
[PlyCount "107"]
[EventDate "1991.??.??"]

1. e4 c6 2. d4 d5 3. exd5 cxd5 4. Bd3 Nc6 5. c3 Nf6 6. Nf3 Bg4 7. O-O e6 8. Bg5
Be7 9. Nbd2 O-O 10. Qc2 h6 11. Bh4 Rc8 12. a3 Nd7 13. Bxe7 Qxe7 14. h3 Bxf3 15.
Nxf3 e5 16. dxe5 Ndxe5 17. Nxe5 Qxe5 18. Rae1 Qf6 19. Qb3 d4 20. cxd4 Qxd4 21.
Re4 Qf6 22. Re3 b6 23. Qd5 Rfd8 24. Qe4 g6 25. Rf3 Qd4 26. Qxd4 Rxd4 27. Ba6
Rcd8 28. b4 Ne5 29. Re3 Nc4 30. Rc3 Ne5 31. Rc7 R8d7 32. Rc8+ Kg7 33. Kh2 Rd2
34. Rc3 g5 35. f4 Ng6 36. fxg5 hxg5 37. Rg3 Kh6 38. Bc4 Nf4 39. Rg4 f5 40. Rg3
Rc2 41. Ba6 Rdd2 42. Bb7 Nh5 43. Re3 f4 44. Re6+ Kg7 45. Be4 Ng3 46. Rg1 Nxe4
47. Rxe4 f3 48. Rg4 f2 49. Rf1 Re2 50. Kg3 Re3+ 51. Kh2 Re1 52. Rxg5+ Kf6 53.
Rxf2+ Rxf2 54. Rg3 0-1

[Event "Bookworm Teams"]
[Site "Farmington Hills, Mich."]
[Date "1991.06.29"]
[Round "2"]
[White "Murthy, Pappu"]
[Black "Moody, David"]
[Result "0-1"]
[WhiteElo "2220"]
[BlackElo "2044"]
[PlyCount "108"]
[EventDate "1991.06.29"]

1. d4 Nf6 2. c4 c5 3. d5 e6 4. Nc3 exd5 5. cxd5 d6 6. e4 g6 7. f4 Bg7 8. Bb5+
Nfd7 9. a4 O-O 10. Nf3 Na6 11. O-O Nc7 12. Bxd7 Bxd7 13. f5 b5 14. axb5 Nxb5
15. Nxb5 Bxb5 16. Rf2 Qe7 17. Qc2 Rfe8 18. Bg5 Qxe4 19. fxg6 hxg6 20. Qd2 Qb4
21. Qxb4 cxb4 22. Ra5 a6 23. Bf4 Bd4 24. Bxd6 Re2 25. Rxb5 Bxf2+ 26. Kf1 Rxb2
27. Rb7 Rc8 28. Bf4 Bc5 29. Bg3 Re8 30. d6 Rb1+ 31. Ne1 Bxd6 32. Bxd6 Rbxe1+
33. Kf2 R8e2+ 34. Kf3 Re3+ 35. Kf4 b3 36. Ba3 Re4+ 37. Kg5 Re5+ 38. Kf4 Rb5 39.
Ra7 b2 40. Bxb2 Rxb2 41. Rxa6 Rxg2 42. h3 Rf1+ 43. Ke3 Rh1 44. Kf3 Rgh2 45.
Ra8+ Kg7 46. Ra7 Rxh3+ 47. Kg2 R1h2+ 48. Kg1 Rb2 49. Re7 Ra3 50. Re1 Raa2 51.
Kf1 f5 52. Re7+ Kf6 53. Re1 f4 54. Kg1 f3 0-1

[Event "Bookworm Teams"]
[Site "Farmington Hills, Mich."]
[Date "1991.06.29"]
[Round "4"]
[White "Moody, David"]
[Black "Wydryck, Robert"]
[Result "1/2-1/2"]
[WhiteElo "2044"]
[BlackElo "2013"]
[PlyCount "38"]
[EventDate "1991.06.29"]

1. e4 c5 2. Nf3 d6 3. d4 cxd4 4. Nxd4 Nf6 5. Nc3 g6 6. f4 Qb6 7. Be2 Bg7 8. Be3
Qxb2 9. Ndb5 Qb4 10. Rb1 Qa5 11. e5 Ne4 12. Qd5 Nc5 13. Bxc5 dxc5 14. Qxc5 Nc6
15. Qa3 O-O 16. Qxa5 Nxa5 17. Nc7 Rb8 18. Na6 Ra8 19. Nc7 Rb8 1/2-1/2

[Event "Bookworm Teams"]
[Site "Farmington Hills, Mich."]
[Date "1991.06.29"]
[Round "1"]
[White "Moody, David"]
[Black "Saulmon, Scott"]
[Result "1-0"]
[WhiteElo "2044"]
[BlackElo "1654"]
[PlyCount "25"]
[EventDate "1991.06.29"]

1. e4 e6 2. d4 d5 3. Nc3 Nf6 4. Bg5 Be7 5. e5 Nfd7 6. h4 c5 7. Nf3 Nc6 8. Nb5
f6 9. Bf4 O-O 10. Bd3 Qa5+ 11. Bd2 Qb6 12. Bxh7+ Kf7 13. Ng5+ 1-0

[Event "Bookworm Teams"]
[Site "Farmington Hills, Mich."]
[Date "1991.06.29"]
[Round "3"]
[White "Moody, David"]
[Black "Bolda, Matt"]
[Result "1-0"]
[WhiteElo "2044"]
[BlackElo "1844"]
[PlyCount "45"]
[EventDate "1991.06.29"]

1. e4 d5 2. Nc3 d4 3. Nce2 e5 4. Ng3 Nf6 5. Bc4 Bc5 6. Nf3 Nc6 7. d3 Bg4 8. h3
Bb4+ 9. Kf1 Bxf3 10. Qxf3 Na5 11. Nf5 Rg8 12. Bg5 Nxc4 13. dxc4 Nxe4 14. Qxe4
Qxg5 15. Qxb7 Kd7 16. Qd5+ Bd6 17. Qxf7+ Kc6 18. Qd5+ Kd7 19. Nxd4 Qf6 20. Nf3
Rgf8 21. c5 c6 22. Qxd6+ Qxd6 23. cxd6 1-0

[Event "Action Invitational"]
[Site "?"]
[Date "1991.06.29"]
[Round "2"]
[White "Aldrich, Jeff"]
[Black "Gawarecka, Edyta"]
[Result "1-0"]
[WhiteElo "1725"]
[BlackElo "1957"]
[PlyCount "48"]
[EventDate "1991.??.??"]

1. d4 Nf6 2. c4 e6 3. Nc3 Bb4 4. Qc2 c5 5. dxc5 Bxc5 6. e3 Nc6 7. a3 d5 8. Nf3
O-O 9. b4 Be7 10. Bb2 dxc4 11. Rd1 Qc7 12. Nb5 Qb8 13. Bxc4 a6 14. Nbd4 Nxd4
15. Bxd4 b5 16. Bd3 Bb7 17. Be5 Qe8 18. Ng5 h6 19. h4 Rc8 20. Qb1 Qc6 21. Kf1
Qxg2+ 22. Ke2 Ng4 23. Rdf1 f5 24. Nxe6 Nxf2 {Time} 1-0

[Event "Action Invitational"]
[Site "?"]
[Date "1991.06.29"]
[Round "1"]
[White "Aldrich, Jeff"]
[Black "Burg, Dan"]
[Result "0-1"]
[WhiteElo "1725"]
[BlackElo "1902"]
[PlyCount "77"]
[EventDate "1991.??.??"]

1. d4 Nf6 2. c4 g6 3. Nc3 d5 4. cxd5 Nxd5 5. e4 Nxc3 6. bxc3 Bg7 7. Bc4 c5 8.
Nf3 cxd4 9. cxd4 O-O 10. Rb1 Nc6 11. Be3 Qc7 12. O-O Nxd4 13. Bxf7+ Rxf7 14.
Nxd4 Be5 15. f4 Bxf4 16. Bxf4 Rxf4 17. Qb3+ Kg7 18. Rxf4 Qxf4 19. Rf1 Qxe4 20.
Qf7+ Kh6 21. Qf8+ Kh5 22. Qg7 h6 23. Nf3 Bf5 24. Re1 Qb4 25. Qe5 Rd8 26. h3 g5
27. Qg7 Bxh3 28. Qf7+ Kg4 29. gxh3+ Kxh3 30. Qh5+ Kg3 31. Qh2+ Kxf3 32. Qf2+
Kg4 33. Qg2+ Kh5 34. Qh3+ Kg6 35. Re6+ Kf7 36. Qf5+ Ke8 37. Qg6+ Kd7 38. Qe4
Qxe4 39. Rxe4 {Time} 0-1

[Event "Action Invitational"]
[Site "?"]
[Date "1991.06.29"]
[Round "5"]
[White "Aldrich, Jeff"]
[Black "Anderson, Connie"]
[Result "0-1"]
[WhiteElo "1725"]
[BlackElo "1662"]
[PlyCount "78"]
[EventDate "1991.??.??"]

1. d4 d5 2. c4 c6 3. Nc3 Nf6 4. Nf3 Bf5 5. Qb3 Bc8 6. Ne5 e6 7. Bg5 Be7 8. e3
O-O 9. cxd5 exd5 10. Bd3 Nbd7 11. Qc2 h6 12. h4 Nxe5 13. dxe5 Ne4 14. Nxe4 dxe4
15. Bxe4 Qa5+ 16. Kf1 Qxe5 17. f4 Qc5 18. Bxe7 Qxe7 19. f5 Qf6 20. g4 g6 21.
Ke2 g5 22. hxg5 Qxg5 23. Rag1 Kg7 24. Qc3+ Kh7 25. Rh5 Qe7 26. f6+ Qxe4 27. Re5
Qg6 28. g5 Qh5+ 29. Kd2 Rd8+ 30. Kc1 Bg4 31. Qc2+ Kh8 32. Qe4 Bf3 33. Qf4 Rd5
34. Re7 Rad8 35. g6 Rd1+ 36. Rxd1 Rxd1+ 37. Kc2 Qc5+ 38. Kb3 Rd3+ 39. Ka4 Qb5#
0-1

[Event "Afternoon Action Class"]
[Site "Farmington Hills, Mich."]
[Date "1991.06.30"]
[Round "3"]
[White "Thompson, Dexter"]
[Black "Moody, David"]
[Result "1-0"]
[WhiteElo "2295"]
[BlackElo "2044"]
[PlyCount "37"]
[EventDate "1991.06.30"]

1. e4 e5 2. Nf3 Nc6 3. d4 exd4 4. c3 dxc3 5. Bc4 cxb2 6. Bxb2 d6 7. Qb3 Qd7 8.
Bc3 Nf6 9. Nbd2 Ne5 10. Bxe5 dxe5 11. Nxe5 Qe7 12. Bxf7+ Kd8 13. Rd1 Qb4 14.
O-O Qxb3 15. Bxb3 Ke8 16. Nf7 Rg8 17. e5 Nd7 18. Ne4 Bb4 19. e6 1-0

[Event "Grand Prix Action"]
[Site "Farmington Hills, Mich."]
[Date "1991.06.30"]
[Round "1"]
[White "Randall, Paul"]
[Black "Moody, David"]
[Result "0-1"]
[WhiteElo "1597"]
[BlackElo "2044"]
[PlyCount "76"]
[EventDate "1991.06.30"]

1. e4 e5 2. Nc3 Nf6 3. g3 Bc5 4. Bg2 d6 5. Nge2 Nc6 6. O-O Be6 7. Na4 Qd7 8. a3
Bh3 9. d3 h5 10. Nxc5 dxc5 11. c3 h4 12. Bg5 hxg3 13. fxg3 Bxg2 14. Rxf6 Qh3
15. Kf2 gxf6 16. Bxf6 Rh6 17. Bh4 Qxh2 18. Qg1 Qxg1+ 19. Nxg1 Bxe4 20. dxe4 Rd6
21. Ke2 f6 22. Rf1 Kf7 23. Nf3 Rad8 24. Rf2 Kg7 25. Rf1 R8d7 26. Rf2 Na5 27. g4
Nb3 28. g5 Nc1+ 29. Kf1 fxg5 30. Bxg5 Nd3 31. Rg2 Rg6 32. Ke2 Nf4+ 33. Bxf4
Rxg2+ 34. Kf1 Rxb2 35. Bxe5+ Kh6 36. c4 Rd1+ 37. Ne1 Rbb1 38. Bc3 Kg5 0-1

[Event "Action Grand Prix"]
[Site "?"]
[Date "1991.06.30"]
[Round "4.13"]
[White "Profit, Brian"]
[Black "Aldrich, Jeff"]
[Result "0-1"]
[WhiteElo "1932"]
[BlackElo "1725"]
[PlyCount "64"]
[EventDate "1991.??.??"]

1. d4 d5 2. c4 e6 3. Nc3 Nf6 4. Nf3 c6 5. cxd5 exd5 6. Bg5 Nbd7 7. e3 Be7 8.
Bd3 b6 9. Qc2 Bb7 10. O-O Rc8 11. Rab1 h6 12. Bh4 O-O 13. b4 Qc7 14. Rfc1 c5
15. bxc5 bxc5 16. dxc5 Bxc5 17. Nb5 Qa5 18. Qb3 Ba8 19. Bg3 Ne4 20. Bxe4 dxe4
21. Nfd4 a6 22. Nd6 Bxd6 23. Bxd6 Rfe8 24. h3 Bd5 25. Qb2 Qxa2 26. Qxa2 Bxa2
27. Rxc8 Rxc8 28. Ra1 Bc4 29. Nf5 Ra8 30. Ne7+ Kh7 31. Nc6 f6 32. Ra4 Bb5 0-1

[Event "Grand Prix Action"]
[Site "Farmington Hills, Mich."]
[Date "1991.06.30"]
[Round "2"]
[White "Moody, David"]
[Black "Poschel, Paul"]
[Result "0-1"]
[WhiteElo "2044"]
[BlackElo "2326"]
[PlyCount "62"]
[EventDate "1991.06.30"]

1. e4 c5 2. Nf3 e6 3. d3 Nc6 4. g3 d5 5. Nbd2 Bd6 6. Bg2 Nge7 7. O-O Qc7 8. Re1
Bd7 9. exd5 Nxd5 10. Nc4 Be7 11. a4 O-O 12. Nfe5 Rad8 13. Bxd5 exd5 14. Nxc6
Bxc6 15. Bf4 Qc8 16. Ne5 Bf6 17. Nxc6 Qxc6 18. Be5 Bxe5 19. Rxe5 Rfe8 20. d4
cxd4 21. Qxd4 Rxe5 22. Qxe5 Qxc2 23. Re1 h6 24. Qe7 Qc8 25. Kg2 d4 26. Rc1 Qd7
27. Qxd7 Rxd7 28. Kf3 Kh7 29. Rd1 Rd6 30. Ke4 Rb6 31. Rd2 Rb4 0-1

[Event "Grand Prix Action"]
[Site "Farmington Hills, Mich."]
[Date "1991.06.30"]
[Round "4"]
[White "Moody, David"]
[Black "Bolda, Daniel H"]
[Result "1-0"]
[WhiteElo "2044"]
[BlackElo "1865"]
[PlyCount "77"]
[EventDate "1991.06.30"]

1. e4 e6 2. d4 d5 3. Nc3 Bb4 4. e5 c5 5. a3 cxd4 6. axb4 dxc3 7. Qg4 Kf8 8. b3
Nc6 9. Nf3 Nge7 10. b5 Nb8 11. Qb4 Qc7 12. Bg5 b6 13. Bxe7+ Qxe7 14. Qxc3 Bb7
15. Nd4 Qc5 16. Qd2 Nd7 17. f4 Ke7 18. b4 Qc7 19. Bd3 Nxe5 20. O-O Nxd3 21.
cxd3 Rhc8 22. f5 Qe5 23. Qf2 Qf6 24. fxe6 Qxf2+ 25. Rxf2 fxe6 26. Re1 Rf8 27.
Rxe6+ Kd7 28. Rfe2 Rae8 29. Rxe8 Rxe8 30. Rxe8 Kxe8 31. Nf5 Kf8 32. Nd6 Ba8 33.
Nc8 Ke8 34. Nxa7 Kd7 35. Kf2 Kc7 36. Ke3 Kb8 37. Nc6+ Bxc6 38. bxc6 Kc7 39. b5
1-0

[Event "Afternoon Action Class"]
[Site "Farmington Hills, Mich."]
[Date "1991.06.30"]
[Round "1"]
[White "Moody, David"]
[Black "Andrews, Steve"]
[Result "0-1"]
[WhiteElo "2044"]
[BlackElo "2269"]
[PlyCount "82"]
[EventDate "1991.06.30"]

1. e4 Nf6 2. Nc3 d6 3. d4 Nbd7 4. f4 c5 5. Nf3 cxd4 6. Qxd4 a6 7. e5 Ng4 8. Bc4
dxe5 9. fxe5 Ndxe5 10. Qxd8+ Kxd8 11. Bb3 e6 12. Bf4 Nxf3+ 13. gxf3 Nf6 14.
O-O-O+ Ke8 15. Ba4+ Bd7 16. Rxd7 Nxd7 17. Rd1 b5 18. Nxb5 axb5 19. Bxb5 Ra7 20.
Bb8 Rb7 21. Bc6 Rxb8 22. Rxd7 Bd6 23. Rxd6+ Ke7 24. Rd7+ Kf6 25. a4 Rhd8 26.
Rxd8 Rxd8 27. a5 Ke5 28. b4 Kd6 29. b5 Kc7 30. c4 Rd4 31. Kc2 Rxc4+ 32. Kb3 Rh4
33. Be4 f5 34. b6+ Kd6 35. a6 fxe4 36. a7 exf3 37. a8=Q f2 38. b7 Rh3+ 39. Kb4
Rh4+ 40. Ka5 Rh5+ 41. Kb6 Rb5+ 0-1